03023nam a2200409Ia 450000500170000000800410001702000150005805000180007308200240009110000470011524501040016225000170026626000450028330000400032850000370036850400320040550504800043751900970091751901050101451901390111951901170125851900980137551900890147365000250156265000390158794200070162695201170163395201170175095201050186795201130197295200940208595200940217995201050227395201170237895201010249599900170259620231102150708.0120622s2005 mx a 000 0 spa d a9702605709 4aP95bF65 2005 4a302.224bF676c 20051 aFonseca Yerena, María del Socorroeautor10aComunicación oralb: fundamentos y práctica estratégicac/ María del Socorro Fonseca Yerena a2a.edición 3aMéxicob : Pearson Educaciónc, 2005 axiv, 265 páginasb: ilustraciones aIncluye : glosario (pp. 255-262) abibliografía (pp.263-265) aLa comunicación oral Roles, lenguaje y contextos Habilidades para la comunicación oral Actividades y ética La comunicación interpersonal La comunicación oral estratégica Organización y elaboración de mensajes Comunicación en público. Estrategia para informar Comunicación en público. Estrategia para persuadir La persuasión en un contexto de argumentación; la estrategia para convencer Comunicación en grupo. Estrategia para informar o persuadir aPlan Flexible / bCriminalística / cComunicación Oral y Escrita (M02-1) / d(01 011746) aPlan Flexible / bCiencias de la Comunicación / cPresentaciones Efectivas (B13-3) / d(01 012152) aPlan Flexible / bCiencias de la Comunicación / cAnálisis de la Comunicación Oral (B15-4) / d(01 012086, 01 012151, 01 012153) aFlexible /bTecnologías de la Información /cComunicación Oral Y Escrita (M02-3) /d(19 000902, 19 000903) aPlan Flexible / bAdministración / cComunicación Oral y Escrita (M01-3) / d(17 000086)  aPlan Flexible / bDerecho / cComunicación Oral y Escrita (M01-3) / d(17 000694) 14aCOMUNICACIÓN ORAL 24aCOMUNICACIÓN xASPECTOS SOCIALES cLB 00102lcc4070a01b01d2009-09-07l1o302.224 F676c 2005p01 011746r2013-11-14s2013-11-14t1w2012-06-24yLB 00102lcc4070a01b01d2009-12-21l4o302.224 F676c 2005p01 012086r2016-09-24s2016-09-23t2w2012-06-24yLB 00102ddc4070a01b01d2010-04-06l0o302.224 F676c 2005p01 012151r2012-06-24t3w2012-06-24yLB 00102ddc4070a22b22d2010-08-02l1oP95 F66 2005p17 000086r2023-07-22s2016-08-15t1w2012-06-26yLBf 00104070a19b19d0000-00-00l0oP95 F65 2005p19 000902r2013-09-18t1w2013-09-18yLB 00104070a19b19d0000-00-00l0oP95 F65 2005p19 000903r2013-09-18t2w2013-09-18yLB 00102ddc4070a01b01d2016-05-19l0o302.224 F676c 2005p01 012152r2016-05-19t4w2016-05-19yLB 00102ddc4070a01b01d2016-05-19l1o302.224 F676c 2005p01 012153r2024-09-27s2024-09-18t5w2016-05-19yLB 00102ddc4070a22b22d2017-05-18l0oP95 F66 2005p17 000694r2023-07-31t2w2017-05-18yLBf c60905d60905